Transatlantic Trade and Investment Partnership – Challenges for CEE Region

Analýza potenciálnych efektov dohody TTIP pred začiatkom vyjednávaní EÚ - USA. Ekonomické, sociálne a environmentálne dopady TTIP. Čím väčšia liberalizácia obchodu, tým väčší prínos. Výzvy pre SVE krajiny v prípade prijatia TTIP.

Salvato in:
Dettagli Bibliografici
Autore principale: Vargová, Andrea
Natura: Capitolo di libro
Lingua:inglese
Soggetti:
Tags: Aggiungi Tag
Nessun Tag, puoi essere il primo ad aggiungerne!!

MARC

LEADER 00000naa$a2200000$$$4500
001 0196161
005 20240502073316.3
041 0 |a eng 
044 |a SK 
245 1 0 |a Transatlantic Trade and Investment Partnership – Challenges for CEE Region  |c Andrea Vargová 
520 |a Analýza potenciálnych efektov dohody TTIP pred začiatkom vyjednávaní EÚ - USA. Ekonomické, sociálne a environmentálne dopady TTIP. Čím väčšia liberalizácia obchodu, tým väčší prínos. Výzvy pre SVE krajiny v prípade prijatia TTIP. 
610 2 0 |a dohody obchodné medzinárodné 
610 2 0 |a vyjednávanie 
610 2 0 |a spolupráca hospodárska medzinárodná 
610 2 0 |a rast hospodársky 
100 1 |a Vargová, Andrea